000 00804cam a22002533a 4500
001 7227
003 PGUSA
005 20140828083142.0
008 050101s2005||||xxu|||||s|||||000 | eng d
040 _aPGUSA
_beng
042 _adc
050 4 _aN
100 1 _aRuskin, John,
_d1819-1900
245 1 0 _aMornings in Florence
_h[electronic resource] /
_cJohn Ruskin
260 _bProject Gutenberg,
_c2005
505 0 _aSanta Croce -- The Golden Gate -- Before the Soldan -- The vaulted book -- The Strait Gate -- The Shepherd's Tower.
506 _aPublic domain in the USA.
516 _aElectronic text
653 _aArt, Italian -- Italy -- Florence
653 _aArt -- Italy -- Florence
830 0 _aProject Gutenberg
_v7227
856 4 0 _uhttp://www.gutenberg.org/ebooks/7227
942 _cEB
999 _c236547
_d236547